000 01015nam a2200361 a 4500
003 AR-BaBNM
005 20251128203326.0
008 082120s2002 ||||||||||||||000 | spa||
020 _a84-7100-269-8
040 _cAR-BaBNM
100 1 _aSantos Hernández, Angel S.
245 0 0 _aLos Jesuítas en América
250 _a1ª ed.
260 _aMadrid
_bMapfre
_c1992
300 _a381 p.
_btablas, mapas
490 0 _aIglesia católica en el nuevo mundo
_vv. 5
500 _aApéndice para consultar p. 369-381.
650 4 _aMISIONES RELIGIOSAS
650 4 _aHISTORIA DE LAS RELIGIONES
650 4 _aABORIGENES
650 4 _aIGLESIA
650 4 _aHISTORIA SOCIAL
650 4 _aHISTORIA DE LAS COSTUMBRES
650 4 _aCATOLICISMO
650 4 _aMISIONES JESUITICAS
650 4 _aEXPULSION DE LOS JESUITAS
651 4 _aEspaña
651 4 _aAmérica Latina
800 1 _aGallego, José Andrés
_ecoordinador
800 1 _aHera, Alberto de la
_edirector
942 _cBK
998 _cmariana
999 _c2905
_d2905